Movies Quiz

Random Movies or Actor Quiz

Movies by 'And... as...' Actors Quiz Stats

 Plays Quiz Updated Jul 16, 2017

Support Sporcle.
Go Orange.
Score 0/20 Timer 07:00
1 Play Today
% Correct
The Pink Panther
91.7%
Caddyshack
88.3%
Casino Royale
79.3%
The Shawshank Redemption
70.1%
E.T. the Extra-Terrestrial
66.3%
Psycho
66.3%
The Big Lebowski
65.5%
Rocky
60.5%
Alien
56%
Sixteen Candles
54.7%
% Correct
A Few Good Men
52.6%
Young Frankenstein
51.2%
The Untouchables
47.3%
Guardians of the Galaxy
43%
The Hustler
42.1%
An Officer and a Gentleman
37.7%
Breakfast at Tiffany's
36.6%
The Rocky Horror Picture Show
36.5%
Captain America: The Winter Soldier
33.8%
Edward Scissorhands
33.7%

You're not logged in!

Compare scores with friends on all Sporcle quizzes.
OR
Log In
Forgot?

From the Vault

Spot the Russian Leaders

by MrWhiplash

It's for the people. They promised.
Remove Ads.
Support Sporcle.
Get the best of Sporcle when you Go Orange. This ad-free experience offers more features, more stats, and more fun while also helping to support Sporcle. Thank you for becoming a member.

Show Comments

Extras

Top Quizzes Today


Score Distribution

Your Account Isn't Verified!

In order to create a playlist on Sporcle, you need to verify the email address you used during registration. Go to your Sporcle Settings to finish the process.

Report this User

Report this user for behavior that violates our Community Guidelines.

Details: